|
|
|
|
| LEADER |
00000nab a2200000 a 4500 |
| 001 |
vtls000416015 |
| 003 |
SK-MaSNL |
| 005 |
20260303223040.0 |
| 008 |
230120c1991 xo 0 cze |
| 015 |
|
|
|a SNBRB19rr/mm-uuuuu
|
| 035 |
|
|
|a CL0416140
|
| 035 |
|
|
|a urn:nbn:sk:snk-ab9x8
|
| 035 |
|
|
|a (urnnbn)urn:nbn:sk:snk:ar-a04ng6
|
| 035 |
|
|
|a (uuid)a8b1ab86-9504-4dde-ac16-fa9d21b1153f
|
| 040 |
|
|
|a SNKBUCL
|b slo
|c SNKBUCL
|e AACR2
|
| 041 |
0 |
|
|a cze
|
| 044 |
|
|
|a xo
|c SK
|
| 080 |
|
|
|a 628.162:66.066
|2 1981
|
| 080 |
|
|
|a 66.066
|2 1981
|
| 100 |
1 |
|
|a Vostrčil, Josef
|4 aut
|9 585780
|
| 245 |
1 |
0 |
|a Pulzační čiřič s kyvným pádlem
|c Josef Vostrčil
|
| 300 |
|
|
|b Obr. 3. Graf 1. Tb. 1., lit. 15 zázn. v slov., češ.
|
| 650 |
0 |
7 |
|a povrchové vody
|2 snkbucl
|9 29361
|
| 650 |
0 |
7 |
|a odpadové vody
|2 snkbucl
|9 66096
|
| 650 |
0 |
7 |
|a číridlo pulzačné
|2 snkbucl
|9 1257226
|
| 655 |
|
7 |
|a články z novín a časopisov
|2 snkbucl
|9 267496
|
| 773 |
0 |
|
|t Vodohospodársky časopis
|g Roč. 39, č. 1 (1991), s. 43-54
|
| 850 |
|
|
|a Slovenská národná knižnica v Martine
|a MTA001
|
| 852 |
|
|
|a SNK
|b KIS3GCP
|
| 958 |
|
|
|a NB
|
| 958 |
|
|
|a RK
|
| 958 |
|
|
|a CZ
|
| 958 |
|
|
|a OND
|
| 958 |
|
|
|a EUIPO
|
| 958 |
|
|
|a article27
|
| 992 |
|
|
|a RBX
|
| 999 |
|
|
|c 2245607
|d 2247537
|